000 00361nam a2200133 a 4500
005 20140414131904.0
008 100915s19uu xx 00 eng d
050 _aFIC
_bOs1 2007
100 _aOsborne, Mary Pope
245 _aMonday with a mad genius :
_bBook 8.
260 _aNew York :
_bRandom House,
_c2007.
440 _aMagic Tree House
999 _c110846
_d110846